000 00426nam a22001697a 4500
999 _c3573
_d3573
003 GBCCL
005 20241126110458.0
008 171129b xxu||||| |||| 00| 0 eng d
020 _a0-88419-238-5
040 _cgbc
082 _a248.4
_bWOR
245 _aWords of Victory for defeating the enemy
260 _aFlorida:
_bCreation House,
_c1989
300 _a139p.;
_c16 cm.
650 _aChristian life
_9183
942 _2ddc
_cBK